000 00340cam a22001097a 4500
008 180718b1969 xxu||||| |||| 00| 0 eng d
082 _aR112x71 C16
100 _aPenz, G. Peter
245 _aStructural unemployment : theory and meaurement
_cby G. Peter Penz
260 _aCanada
_bDepartment Of manpower And Immigration
_c1969
300 _a91p.
999 _c496409
_d496409